Understanding social psychology. / (Record no. 5943)

MARC details
000 -LEADER
fixed length control field 01011nam a22001937a 4500
008 - FIXED-LENGTH DATA ELEMENTS--GENERAL INFORMATION
fixed length control field 160518b xxu||||| |||| 00| 0 eng d
020 ## - INTERNATIONAL STANDARD BOOK NUMBER
International Standard Book Number 0534136265
050 ## - LIBRARY OF CONGRESS CALL NUMBER
Classification number HM251.W76
100 ## - MAIN ENTRY--PERSONAL NAME
Personal name Worchel, Steven
245 ## - TITLE STATEMENT
Title Understanding social psychology. /
Statement of responsibility, etc. Stephen Worchel, Joel Cooper and George R. Goethals
250 ## - EDITION STATEMENT
Edition statement 5th ed.
260 ## - PUBLICATION, DISTRIBUTION, ETC.
Place of publication, distribution, etc. Belmont:
Name of publisher, distributor, etc. Brooks/Cole Publishing,
Date of publication, distribution, etc. c1991.
300 ## - PHYSICAL DESCRIPTION
Extent xvi,585p.:
Other physical details ill.;
500 ## - GENERAL NOTE
General note Includes bibliographical references and index
505 ## - FORMATTED CONTENTS NOTE
Formatted contents note Contents: Social Psychology: what, why, and how -- Social cognition -- Knowing the self -- Presenting the self -- Forming and changing attitudes -- Relating actions and attitudes -- Attraction and close relationships -- Altruism: Extending the self to others -- Aggression: harming and hurting others -- Developing and resolving conflict -- Prejudice and stereotypes -- Social Influence -- The dynamics of groups -- The environment
700 ## - ADDED ENTRY--PERSONAL NAME
Personal name Cooper, Joel
700 ## - ADDED ENTRY--PERSONAL NAME
Personal name Goethals, George R.
942 ## - ADDED ENTRY ELEMENTS (KOHA)
Source of classification or shelving scheme Library of Congress Classification
Koha item type Books
Holdings
Withdrawn status Lost status Source of classification or shelving scheme Damaged status Not for loan Home library Current library Shelving location Date acquired Total Checkouts Full call number Barcode Date last seen Copy number Price effective from Koha item type
    Library of Congress Classification     WISCONSIN INTERNATIONAL UNIVERSITY COLLEGE, GHANA - MAIN LIBRARY WISCONSIN INTERNATIONAL UNIVERSITY COLLEGE, GHANA - MAIN LIBRARY Reference 18/05/2016   HM251.W76 8094/056/16 18/05/2016 1 18/05/2016 Books

If you have any concerns or questions; kindly contact the library


© Powered by WIUC ICT DIRECTORATE